00700 2200265 4500001002100000005001500021006001800036007000300054008004100057020001800098035002000116082001100136084001700147100003000164245002700194250001200221264003300233300004000266336002100306337003000327338002300357650001000380990002200390990002200412INLIS00000000000557620260513065555a ta260513 0  a979-3977-45-0 a0010-0222000666 a297.63 a297.63 MUH m0 aMuhammad FathiePengarang1 aMenjadi Manajer Sukses a.-cet.1 a.--Bandung :bSyaamil,c2006 aviii, 216 hal. :billus. ;c23,5 cm 2rdacontentaTeks 2rdamediaaTanpa Perantara 2rdacarrieraVolume 4aAgama a1286/H/ARPUS/2007 a1287/H/ARPUS/2007